| 000 | 00979cam a2200253 4500 | ||
|---|---|---|---|
| 001 | WB3543-09 | ||
| 008 | 000000n1999 000 0 eng u | ||
| 035 | _a(Sirsi) u101416 | ||
| 245 | _aShort leases stay despite recovery | ||
| 260 | _c1999 | ||
| 490 |
_aEstates Gazette _v(9943) 30 October 1999, 42(1) |
||
| 520 | _aResearch by Drivers Jonas shows that central London office leases are still getting shorter, despite the recovery in the market. Overall the average lease length is eight years, although tenants are happy to take longer leases on bigger and newer buildings. Chart. | ||
| 590 | _aWB | ||
| 650 | _aLEASES | ||
| 650 | _aSHORT LEASES | ||
| 650 | _aOCCUPIERS REQUIREMENTS | ||
| 650 | _aCOMMERCIAL LEASES | ||
| 650 | _aPROPERTY-COMMERCIAL PROPERTY-OFFICE PROPERTY-OFFICE PROPERTY MARKET | ||
| 650 | _aLONDON | ||
| 650 | _aCENTRAL LONDON | ||
| 650 | _aLEASE LENGTH | ||
| 690 | _aPROPERTY-COMMERCIAL PROPERTY-COMMERCIAL PROPERTY MARKET | ||
| 942 | _n0 | ||
| 999 |
_c60558 _d60558 |
||